000 01532cam a22004214i 4500
003 PE-LiUPU
005 20250731173151.0
008 150623s r 000 0 d
035 _a(Sirsi) a28200
040 _aPE-LiUPU
_bspa
_cPE-LiUPU
_erda
082 0 4 _a253.702
_bN372000
_221
100 1 _aNeighbour, Ralph W.,
_eautor.
245 1 0 _aWhere do we go from here? :
_ba guidebook for the cell group church /
_cRalph W. Neighbour.
264 1 _aHouston, Texas :
_bTouch Publications,
_c2000.
300 _a397 páginas ;
_c23 cm.
336 _atext
_2rdacontent
337 _aunmediated
_2rdamedia
338 _avolume
_2rdacarrier
504 _aIncluye bibliografía.
505 0 _aA look at the current situation. Theology breeds methodology. The structure of a cell group church.
526 _aSEG42
526 _aSEG41
526 _aSEG40
526 _aSEG39
526 _aP94
526 _aP87
526 _aP86
526 _aP85
526 _aP77
526 _aP76
526 _aP35
650 0 4 _aPequeños grupos (Iglesias evangélicas)
_xManuales, guías, etc.
942 _2ddc
_cBOOK
949 _a253.702 N37 2000
_wDEWEY
_c1
_i53450
_lCCODEBUL1
_mBUL
_p17.00
_r0
_sY
_tBOOK
_u2015-06-24
_xTEOLOGIA
_PP35
_0COMPRA
_o.STAFF. Colección General
596 _a1
999 _a253.702 N37 2000
_wDEWEY
_c35423
_i53450
_f2021-11-10
_g5
_lCCODEBUL1
_mBUL
_p17.00
_r0
_sY
_tBOOK
_u2015-6-24
_xTEOLOGIA
_PP35
_0COMPRA
_o.STAFF. Colección General
_d35423
980 _81
_gALBERTO SANCHEZ Responsable de Automatización